Драгоценные камни. Их свойства, местонахождения и употребление

Bibliographic Details
Main Author: Пыляев М. И. Михаил Иванович
Summary:Репринтное воспроизведение издания 1888 г. СПб., издание А. С. Суворина.
Language:Russian
Published: Москва, Х. Г. С., 1990
Edition:Репр. изд.
Subjects:
Format: Book
KOHA link:https://koha.lib.tpu.ru/cgi-bin/koha/opac-detail.pl?biblionumber=165505

MARC

LEADER 00000nam0a2200000 4500
001 165505
005 20231101222546.0
035 |a (RuTPU)RU\TPU\book\179533 
090 |a 165505 
100 |a 20090918e1990 m y0rusy50 ca 
101 0 |a rus 
102 |a RU 
105 |a a z 000zy 
200 1 |a Драгоценные камни. Их свойства, местонахождения и употребление  |f М. И. Пыляев 
205 |a Репр. изд. 
210 |a Москва  |c Х. Г. С.  |d 1990 
215 |a 403 с.  |c ил.  |d 21 см. 
300 |a Репринтное воспроизведение издания 1888 г. СПб., издание А. С. Суворина. 
606 1 |a Драгоценные камни  |x Минералогия  |2 stltpush  |3 (RuTPU)RU\TPU\subj\72258  |9 85823 
610 1 |a огранка 
610 1 |a классификация 
610 1 |a драгоценности 
610 1 |a месторождения 
675 |a 549.091  |v 3 
686 |a Ч611.68  |v LBC/SL-A  |2 rubbk 
700 1 |a Пыляев  |b М. И.  |c историк  |c литератор  |f 1842-1899  |g Михаил Иванович  |2 stltpush  |3 (RuTPU)RU\TPU\pers\24271  |9 10741 
801 1 |a RU  |b 63413507  |c 20090918 
801 2 |a RU  |b 63413507  |c 20130403  |g RCR 
942 |c BK